000 00537nam a2200193 a 4500
005 20140310183500.0
008 100223s19uu xx 00 eng d
020 _a13:9781403933836
050 _aPN 4731
_b.M3975 2009
100 _aMeikle, Graham
245 _aInterpreting news /
_cGraham Meikle.
260 _aLondon :
_bPlagrave Macmillan,
_c2009.
300 _a226 p. :
_c23 cm.
521 _aMC
650 _aJournalism
_xEditing
_xinterpreting.
650 _aJournalism
_xreporting.
942 _cBK
_2lcc
_kFOR
999 _c23886
_d23886